[Event "Montreal op 91st"]
[Site "Montreal"]
[Date "2011.09.10"]
[Round "2"]
[White "Cvetkovic, Simeon"]
[Black "Bergeron, Pascal"]
[Result "0-1"]
[WhiteElo "2065"]
[BlackElo "2138"]
[PlyCount "106"]
[EventDate "2011.09.09"]
[EventType "swiss"]
[EventRounds "5"]
[EventCountry "CAN"]
[SourceTitle "CBM 144 Extra"]
[Source "ChessBase"]
[SourceDate "2011.10.28"]
[SourceVersion "1"]
[SourceVersionDate "2011.10.28"]
[SourceQuality "1"]

1. c4 d6 2. g3 g6 3. Bg2 Bg7 4. Nc3 e5 5. e3 f5 6. Nge2 Nf6 7. d4 0-0 8. 0-0 c6 9. b3 Qc7 10. Ba3 Rd8 11. Rc1 a5 12. Na4 Na6 13. Qd2 b6 14. Rc2 Bb7 15. Rd1 c5 16. Nac3 Bxg2 17. Kxg2 Nb4 18. Rcc1 Qb7+ 19. d5 Bh6 20. f3 Qf7 21. Rh1 Rf8 22. Rcf1 Rae8 23. Bc1 e4 24. f4 Bg7 25. Bb2 Ra8 26. Nc1 Qd7 27. a3 Na6 28. Nb5 Ne8 29. Ne2 Nac7 30. Bxg7 Qxg7 31. Nec3 h6 32. Rf2 Qd7 33. Ra1 Nf6 34. Rff1 Nce8 35. Na4 Rb8 36. b4 axb4 37. axb4 Ng7 38. bxc5 bxc5 39. Nac3 Rb7 40. Ra6 Nge8 41. Rfa1 g5 42. Rc6 gxf4 43. exf4 Nh5 44. Raa6 Rf6 45. Na4 Qe7 46. Qe3 Kh7 47. Nb6 Rg6 48. Kh1 Qg7 49. Qc3 Nxf4 50. Ra1 Nd3 51. Rf1 f4 52. Qxg7+ Rgxg7 53. Nc3 fxg3 0-1

[Event "Montreal Le Bolduc"]
[Site "Montreal"]
[Date "2003.??.??"]
[Round "7"]
[White "Cazelais, Marc"]
[Black "Bergeron, Pascal"]
[Result "1-0"]
[WhiteElo "2097"]
[BlackElo "2119"]
[PlyCount "91"]
[EventDate "2003.??.??"]
[EventType "tourn"]
[EventRounds "9"]
[EventCountry "CAN"]
[SourceTitle "EXT 2005"]
[Source "ChessBase"]
[SourceDate "2004.11.15"]
[SourceVersion "1"]
[SourceVersionDate "2004.11.15"]
[SourceQuality "1"]

1. e4 e5 2. Nf3 Nf6 3. Nxe5 d6 4. Nf3 Nxe4 5. Qe2 Qe7 6. d3 Nf6 7. Bg5 Qxe2+ 8. Bxe2 Be7 9. Nc3 c6 10. 0-0-0 Na6 11. d4 Nc7 12. h3 Nfd5 13. Nxd5 Nxd5 14. Bxe7 Nxe7 15. Rhe1 Be6 16. Ng5 Bd5 17. Bf3 Bxf3 18. Nxf3 Kd7 19. Re2 b5 20. Rde1 Nd5 21. g3 h6 22. Kd2 Rae8 23. Rxe8 Rxe8 24. Rxe8 Kxe8 25. c3 Ke7 26. Kd3 f5 27. a3 g5 28. b3 Nf6 29. c4 Ne4 30. Ke3 Ke6 31. d5+ cxd5 32. cxb5 f4+ 33. gxf4 gxf4+ 34. Kxf4 Nxf2 35. h4 Nd3+ 36. Ke3 Ne5 37. Nd4+ Kd7 38. Kf4 Kc7 39. Kf5 Kb6 40. b4 a6 41. bxa6 Kxa6 42. h5 Kb6 43. a4 Nd3 44. a5+ Ka6 45. Kg6 Nxb4 46. Kxh6 1-0

[Event "Canadian op"]
[Site "Montreal"]
[Date "2002.07.18"]
[Round "7"]
[White "Bergeron, Pascal"]
[Black "Ochkoos, Jura"]
[Result "0-1"]
[WhiteElo "2105"]
[BlackElo "2289"]
[PlyCount "108"]
[EventDate "2002.07.13"]
[EventType "swiss"]
[EventRounds "10"]
[EventCountry "CAN"]
[SourceTitle "CBM 089 Extra"]
[Source "ChessBase"]
[SourceDate "2002.09.10"]
[SourceVersion "2"]
[SourceVersionDate "2002.09.10"]
[SourceQuality "1"]

1. e4 e5 2. Nf3 Nf6 3. Nxe5 d6 4. Nf3 Nxe4 5. Qe2 Qe7 6. d3 Nc5 7. Nc3 Qxe2+ 8. Bxe2 Be7 9. Nd5 Bd8 10. Bg5 f6 11. Bf4 Nbd7 12. c4 Nb6 13. Nc3 Ne6 14. Be3 Bd7 15. d4 Na4 16. Nxa4 Bxa4 17. Bd3 Bd7 18. b4 c6 19. 0-0 d5 20. a4 Kf7 21. b5 g6 22. Bd2 Bc7 23. Rfe1 Rhe8 24. Rac1 Rac8 25. g3 Bb6 26. c5 Bc7 27. Rb1 b6 28. Rec1 Bd8 29. Bb4 Be7 30. bxc6 Bxc6 31. Ba6 Rc7 32. cxb6 axb6 33. Bxe7 Rexe7 34. Bb5 Bxb5 35. axb5 Rxc1+ 36. Rxc1 Rc7 37. Ra1 g5 38. h3 h5 39. Ra6 g4 40. hxg4 hxg4 41. Nh2 f5 42. Rxb6 Nxd4 43. Rd6 Rc5 44. b6 Rb5 45. Kg2 Ke7 46. Rh6 Ne6 47. b7 Nc5 48. f3 Rb2+ 49. Kf1 gxf3 50. Nxf3 Nxb7 51. Rh7+ Kd6 52. Rf7 Ke6 53. Ng5+ Ke5 54. Re7+ Kf6 0-1

[Event "Canadian op"]
[Site "Montreal"]
[Date "2002.07.14"]
[Round "2"]
[White "Hebert, Jean"]
[Black "Bergeron, Pascal"]
[Result "1-0"]
[WhiteElo "2416"]
[BlackElo "2105"]
[PlyCount "75"]
[EventDate "2002.07.13"]
[EventType "swiss"]
[EventRounds "10"]
[EventCountry "CAN"]
[SourceTitle "CBM 089 Extra"]
[Source "ChessBase"]
[SourceDate "2002.09.10"]
[SourceVersion "2"]
[SourceVersionDate "2002.09.10"]
[SourceQuality "1"]

1. d4 e6 2. c4 f5 3. g3 Nf6 4. Bg2 c6 5. Nf3 d5 6. 0-0 Bd6 7. b3 Qe7 8. Qc2 0-0 9. Bb2 b6 10. Nbd2 Bb7 11. Ne5 Nbd7 12. Rad1 Rac8 13. Ndf3 c5 14. Nxd7 Nxd7 15. dxc5 Nxc5 16. cxd5 Bxd5 17. Qb1 Rc7 18. Qa1 Rfc8 19. Nd4 Bxg2 20. Kxg2 a6 21. Rc1 Ne4 22. Rxc7 Rxc7 23. Rc1 Bc5 24. b4 Bd6 25. Rxc7 Bxc7 26. Qc1 Kf7 27. Qc4 b5 28. Qc6 Qd6 29. Qb7 Qb6 30. Qc8 Be5 31. Qd7+ Kg6 32. Qe8+ Kf6 33. e3 Ng5 34. h4 Nf7 35. f4 Qb7+ 36. Kf2 Bxd4 37. Bxd4+ e5 38. fxe5+ 1-0

[Event "Quebec-ch U20"]
[Site "Montreal"]
[Date "1994.02.26"]
[Round "5"]
[White "Soudre, Nicolas"]
[Black "Bergeron, Pascal"]
[Result "0-1"]
[WhiteElo "1944"]
[BlackElo "2081"]
[PlyCount "50"]
[EventDate "1994.02.24"]
[EventType "tourn"]
[EventRounds "7"]
[EventCountry "CAN"]
[SourceTitle "EXT 2022"]
[Source "ChessBase"]
[SourceDate "2021.10.06"]
[SourceVersion "1"]
[SourceVersionDate "2021.10.06"]
[SourceQuality "1"]

1. d4 Nf6 2. c4 d6 3. Nf3 Nbd7 4. Nc3 e5 5. g3 c6 6. Bg2 Be7 7. 0-0 0-0 8. Qc2 Qc7 9. e3 Re8 10. b3 Bf8 11. Bb2 a6 12. Rac1 Rb8 13. Nd2 b6 14. h3 Bb7 15. f4 exd4 16. exd4 Re3 17. Kf2 Ree8 18. Kg1 Re3 19. Kf2 Ree8 20. Kg1 Rbc8 21. Nf3 b5 22. Qf2 b4 23. Na4 Ne4 24. Qe1 Nc3 25. Qd2 Ne2+ 0-1

[Event "Montreal Pere Noel"]
[Site "Montreal"]
[Date "1993.12.30"]
[Round "5"]
[White "Barbeau, Sylvain"]
[Black "Bergeron, Pascal"]
[Result "1-0"]
[WhiteElo "2345"]
[BlackElo "2086"]
[PlyCount "70"]
[EventDate "1993.12.26"]
[EventType "swiss"]
[EventRounds "5"]
[EventCountry "CAN"]
[SourceTitle "EXT 2022"]
[Source "ChessBase"]
[SourceDate "2021.10.06"]
[SourceVersion "1"]
[SourceVersionDate "2021.10.06"]
[SourceQuality "1"]

1. e4 c5 2. Nc3 Nc6 3. g3 g6 4. Bg2 Bg7 5. d3 d6 6. f4 e5 7. Nh3 Nge7 8. 0-0 0-0 9. f5 gxf5 10. exf5 Bxf5 11. Rxf5 Nxf5 12. Be4 Nxg3 13. hxg3 f5 14. Bd5+ Kh8 15. Ng5 Qe8 16. Kg2 Qg6 17. Bd2 Rae8 18. Bf3 f4 19. Nge4 Nd4 20. g4 Bh6 21. Nd5 Bg5 22. c3 Nc6 23. Qe2 Ne7 24. Nxe7 Rxe7 25. c4 Rd7 26. Rh1 h6 27. Bc3 Bf6 28. Kf1 Kg7 29. Rh5 Bg5 30. Qh2 Rdd8 31. Nf2 Rh8 32. Bxb7 Qf7 33. Be4 Qe7 34. Ba5 Rdg8 35. Bd5 Rf8 1-0

[Event "Quebec-ch U20"]
[Site "Montreal"]
[Date "1993.02.27"]
[Round "5"]
[White "Beaulieu, Eric"]
[Black "Bergeron, Pascal"]
[Result "1/2-1/2"]
[WhiteElo "1869"]
[BlackElo "1953"]
[PlyCount "143"]
[EventDate "1993.02.25"]
[EventType "tourn"]
[EventRounds "7"]
[EventCountry "CAN"]
[SourceTitle "EXT 2022"]
[Source "ChessBase"]
[SourceDate "2021.10.06"]
[SourceVersion "1"]
[SourceVersionDate "2021.10.06"]
[SourceQuality "1"]

1. d4 Nf6 2. c4 d6 3. Nc3 Nbd7 4. g3 e5 5. Nf3 Be7 6. Bg2 0-0 7. 0-0 c6 8. Qc2 Re8 9. Rd1 Bf8 10. b3 e4 11. Ne1 d5 12. f3 exf3 13. Bxf3 Nb6 14. c5 Nbd7 15. e4 dxe4 16. Nxe4 Nxe4 17. Bxe4 Nf6 18. Bf3 Be6 19. Ng2 Bd5 20. Bxd5 Nxd5 21. Nf4 Qd7 22. Nxd5 Qxd5 23. Bf4 Re4 24. Qf2 Rd8 25. Be3 Rde8 26. Re1 Qe6 27. Bd2 Re2 28. Rxe2 Qxe2 29. Re1 Qxf2+ 30. Kxf2 Rxe1 31. Bxe1 f5 32. Kf3 Kf7 33. Bd2 Ke6 34. Ke3 Kd5 35. Kd3 Be7 36. h4 Bd8 37. Bf4 Ba5 38. Bb8 Be1 39. Ke3 g6 40. Bc7 h6 41. Be5 g5 42. h5 Bc3 43. Bg7 Bb2 44. Kd3 g4 45. Bxh6 Bxd4 46. Bf8 Bf6 47. Bh6 Ke6 48. Ke3 Be5 49. Bf4 Bh8 50. Kd3 Bf6 51. a4 Bb2 52. Kc4 a6 53. Kb4 Be5 54. Bxe5 Kxe5 55. Kc3 Kf6 56. Kd4 Kg5 57. Ke5 f4 58. gxf4+ Kxh5 59. f5 g3 60. f6 g2 61. f7 g1Q 62. f8Q Qg3+ 63. Qf4 Qxb3 64. Kf6 Qd5 65. Qe5+ Kg4 66. Qxd5 cxd5 67. Ke5 Kf3 68. Kxd5 Ke3 69. c6 bxc6+ 70. Kxc6 Kd4 71. Kb6 Kd5 72. a5 1/2-1/2

[Event "Quebec-ch Intercoll"]
[Site "Montreal"]
[Date "1992.04.19"]
[Round "5"]
[White "Laflamme, Simon"]
[Black "Bergeron, Pascal"]
[Result "0-1"]
[WhiteElo "1847"]
[BlackElo "1959"]
[PlyCount "74"]
[EventDate "1992.04.17"]
[EventType "swiss"]
[EventRounds "6"]
[EventCountry "CAN"]
[SourceTitle "EXT 2022"]
[Source "ChessBase"]
[SourceDate "2021.10.06"]
[SourceVersion "1"]
[SourceVersionDate "2021.10.06"]
[SourceQuality "1"]

1. e4 c5 2. d4 cxd4 3. c3 dxc3 4. Nxc3 Nc6 5. Nf3 e6 6. Bc4 Bc5 7. 0-0 a6 8. Bf4 b5 9. Bb3 Nge7 10. e5 Ng6 11. Bg3 0-0 12. Ne4 Be7 13. Qe2 f5 14. exf6 gxf6 15. Rfd1 f5 16. Nd6 f4 17. Nxc8 Qxc8 18. Rxd7 Nd8 19. Bxe6+ Kh8 20. Bh4 Nxh4 21. Rxe7 Nxf3+ 22. gxf3 Nxe6 23. Qe5+ Kg8 24. Rxe6 Ra7 25. Kh1 Rg7 26. Re7 Rg6 27. Qd5+ Kh8 28. Qe5+ Kg8 29. Qd5+ Kh8 30. Rae1 Qh3 31. Qe5+ Kg8 32. Qd5+ Kh8 33. Qd4+ Rff6 34. Re8+ Kg7 35. R8e7+ Kh6 36. Rxh7+ Kxh7 37. Qd7+ Qxd7 0-1

[Event "Quebec-ch Intercoll"]
[Site "Montreal"]
[Date "1991.03.31"]
[Round "5"]
[White "Abreu Cordero, Jose Leonardo"]
[Black "Bergeron, Pascal"]
[Result "1-0"]
[WhiteElo "2057"]
[BlackElo "1720"]
[PlyCount "33"]
[EventDate "1991.03.29"]
[EventType "swiss"]
[EventRounds "6"]
[EventCountry "CAN"]
[SourceTitle "EXT 2022"]
[Source "ChessBase"]
[SourceDate "2021.10.06"]
[SourceVersion "1"]
[SourceVersionDate "2021.10.06"]
[SourceQuality "1"]

1. d4 Nf6 2. c4 e6 3. Nf3 b6 4. Bg5 h6 5. Bh4 Ba6 6. e3 Bb4+ 7. Nbd2 c5 8. a3 Ba5 9. Be2 d5 10. b4 cxb4 11. axb4 Bxb4 12. Qa4+ Qd7 13. Qxb4 Nc6 14. Qa3 Na5 15. cxd5 Bxe2 16. dxe6 Qxe6 17. Kxe2 1-0

[Event "Quebec-ch Intercoll"]
[Site "Montreal"]
[Date "1991.03.30"]
[Round "3"]
[White "Bergeron, Pascal"]
[Black "Rosen, Matthew"]
[Result "1-0"]
[WhiteElo "1720"]
[BlackElo "1792"]
[PlyCount "61"]
[EventDate "1991.03.29"]
[EventType "swiss"]
[EventRounds "6"]
[EventCountry "CAN"]
[SourceTitle "EXT 2022"]
[Source "ChessBase"]
[SourceDate "2021.10.06"]
[SourceVersion "1"]
[SourceVersionDate "2021.10.06"]
[SourceQuality "1"]

1. e4 e5 2. Nf3 Nc6 3. Bc4 Bc5 4. c3 Nf6 5. b4 Bb6 6. d3 d6 7. 0-0 Bg4 8. Nbd2 0-0 9. h3 Bh5 10. a4 a6 11. Ba3 Ne7 12. Re1 d5 13. exd5 Nexd5 14. Qb3 e4 15. dxe4 Nf4 16. Rad1 Qc8 17. Bf1 Rd8 18. c4 c5 19. bxc5 Bxc5 20. Bxc5 Qxc5 21. e5 Nd7 22. Qxb7 Bg6 23. Nb3 Qe7 24. Nbd4 Qa3 25. Nc6 Nc5 26. Rxd8+ Rxd8 27. Qb6 Re8 28. Ne7+ Kh8 29. Nxg6+ fxg6 30. Re3 Nd7 31. Qd4 1-0

[Event "Quebec-ch U16"]
[Site "Montreal"]
[Date "1990.03.03"]
[Round "4"]
[White "Bergeron, Pascal"]
[Black "Castillo, Anthony"]
[Result "1-0"]
[WhiteElo "1727"]
[BlackElo "1534"]
[PlyCount "67"]
[EventDate "1990.03.01"]
[EventType "tourn"]
[EventRounds "7"]
[EventCountry "CAN"]
[SourceTitle "EXT 2022"]
[Source "ChessBase"]
[SourceDate "2021.10.06"]
[SourceVersion "1"]
[SourceVersionDate "2021.10.06"]
[SourceQuality "1"]

1. e4 e5 2. Nf3 Nc6 3. Bc4 Bc5 4. b4 Bxb4 5. c3 Bc5 6. d4 exd4 7. 0-0 d6 8. cxd4 Bb4 9. d5 Ne5 10. Nxe5 dxe5 11. Qa4+ b5 12. Qxb5+ c6 13. Qxb4 Bd7 14. Nc3 Rb8 15. Qd6 Ne7 16. Ba3 Rc8 17. Qxe5 f6 18. Qd4 cxd5 19. exd5 Nf5 20. Rfe1+ Kf7 21. d6+ Kg6 22. Qg4+ Kh6 23. Qh3+ Kg6 24. g4 h6 25. Qh5+ Kh7 26. gxf5 Rxc4 27. Qg6+ Kg8 28. Nd5 h5 29. h3 Rh6 30. Qg2 Be8 31. Re7 Bf7 32. Rae1 g5 33. Nxf6+ Kf8 34. d7 1-0

[Event "Quebec-ch U16"]
[Site "Montreal"]
[Date "1990.03.01"]
[Round "1"]
[White "Moisan Plante, Marc Olivier"]
[Black "Bergeron, Pascal"]
[Result "1/2-1/2"]
[WhiteElo "1540"]
[BlackElo "1727"]
[PlyCount "57"]
[EventDate "1990.03.01"]
[EventType "tourn"]
[EventRounds "7"]
[EventCountry "CAN"]
[SourceTitle "EXT 2022"]
[Source "ChessBase"]
[SourceDate "2021.10.06"]
[SourceVersion "1"]
[SourceVersionDate "2021.10.06"]
[SourceQuality "1"]

1. e4 c5 2. Nf3 d6 3. d4 cxd4 4. Nxd4 Nf6 5. Nc3 e6 6. Be3 a6 7. Qd2 b5 8. f3 Nbd7 9. Bd3 Bb7 10. 0-0-0 d5 11. Rhe1 e5 12. Bg5 exd4 13. e5 Nxe5 14. Rxe5+ Be7 15. Rde1 dxc3 16. Rxe7+ Qxe7 17. Rxe7+ Kxe7 18. Qxc3 Rac8 19. Qe5+ Kf8 20. Qd6+ Kg8 21. Bxf6 gxf6 22. Qxf6 Re8 23. Bf5 h5 24. h4 d4 25. Bd7 Ra8 26. Qg5+ Kf8 27. Qc5+ Kg8 28. Qg5+ Kf8 29. Qc5+ 1/2-1/2